| 000 | 00384nab a22001097u 4500 | ||
|---|---|---|---|
| 008 | 130520b2003 xxu||||| |||| 00| 0 spa d | ||
| 041 | _aspa | ||
| 100 | 1 |
_aBurke, Kevin F. _961027 |
|
| 245 | 0 | 0 |
_aEl pueblo crucificado como "luz de las naciones". Una reflexión sobre Ignacio Ellacuría _cKevin F. Burke |
| 773 | 0 |
_tConcilium _gnº299,2003,págs. 139-148 _x0210-1041 _wRev134 |
|
| 942 | _cAR | ||
| 999 |
_c362597 _d362597 |
||